| 000 | 00537nam a2200169Ia 4500 | ||
|---|---|---|---|
| 008 | 180921t2015 xxu||||| |||| 00| 0 sin d | ||
| 041 | _asin | ||
| 080 |
_a294.3 _bTHE |
||
| 100 | _aThennakoon,Darmarathna | ||
| 245 | _aපිරිත් දේශනාවේ අනුහස් හා අනුහස් පෙන් වු තැන් | ||
| 246 | _aPirith deshanawe Anuhas ha Anuhas Penwu Than | ||
| 260 |
_bGodage _aColombo _c2015 |
||
| 300 | _b88p, 22cm | ||
| 942 | _cBK | ||
| 999 |
_c5663 _d5663 |
||
| 003 | LK-CoDNM | ||
| 040 |
_aLK-CoDNM _dLK-CoDNM _eLK-CoDNM |
||